000
00490nam a2200181Ia 4500
008
090123s9999 xx 000 0 und d
082
_b
3741
100
_a
अंबिकातनयदत्त
245
_a
नादलिले
250
_a
7
260
_c
1974
300
_a
87
600
_a
अंबिकातनयदत्त
630
_a
नादलिले
700
_a
अंबिकातनयदत्त
730
_a
नादलिले
942
_c
BOOK
999
_c
41820
_d
41820